书目信息 |
| 题名: |
工程导论
|
|
| 作者: | 马忠贵 编著 | |
| 分册: | ||
| 出版信息: | 北京 机械工业出版社 2022.03 |
|
| 页数: | 216页 | |
| 开本: | 26cm | |
| 丛书名: | ||
| 单 册: | ||
| 中图分类: | TB | |
| 科图分类: | ||
| 主题词: | 工程技术--gong cheng ji shu--高等教育--教材 | |
| 电子资源: | ||
| ISBN: | 978-7-111-69003-0 | |
| 000 | 00980nam0 2200241 450 | |
| 001 | 011025150527 | |
| 005 | 20221025150527.0 | |
| 010 | @a978-7-111-69003-0@dCNY59.00 | |
| 100 | @a20201004d2022 em y0chiy50 ea | |
| 101 | 0 | @achi |
| 102 | @aCN@b110000 | |
| 105 | @aa z 000yy | |
| 106 | @ar | |
| 200 | 1 | @a工程导论@Agong cheng dao lun@f马忠贵编著 |
| 210 | @a北京@c机械工业出版社@d2022.03 | |
| 215 | @a216页@c图@d26cm | |
| 300 | @a面向新工科普通高等教育系列教材 | |
| 330 | @a本书结合工程教育专业认证中的非技术要求,以社会需求为导向,以实际工程为背景,以工程思维为主线,阐述了工程教育、工程学、工程伦理、工程创新、工程与环境、工程项目管理、工程经济分析、工程项目的策划与建设程序等内容,对各知识点进行了系统梳理,形成了完整的知识体系,着力提高学生的创新创业意识、工程素质和工程实践能力。 | |
| 606 | 0 | @a工程技术@Agong cheng ji shu@x高等教育@j教材 |
| 690 | @aTB@v5 | |
| 701 | 0 | @a马忠贵@Ama zhong gui@4编著 |
| 801 | 0 | @aCN@c20221025 |
| 905 | @a河南城建学院图书馆@dTB@eM242 | |
| 工程导论/马忠贵编著.-北京:机械工业出版社,2022.03 |
| 216页:图;26cm |
| 面向新工科普通高等教育系列教材 |
| ISBN 978-7-111-69003-0:CNY59.00 |
| 本书结合工程教育专业认证中的非技术要求,以社会需求为导向,以实际工程为背景,以工程思维为主线,阐述了工程教育、工程学、工程伦理、工程创新、工程与环境、工程项目管理、工程经济分析、工程项目的策划与建设程序等内容,对各知识点进行了系统梳理,形成了完整的知识体系,着力提高学生的创新创业意识、工程素质和工程实践能力。 |
| ● |
| 相关链接 |
|
|
|
正题名:工程导论
索取号:TB/M242
 
预约/预借
| 序号 | 登录号 | 条形码 | 馆藏地/架位号 | 状态 | 备注 |
| 1 | 1584418 | 215844184 | 自科库501/501自科库 1排2列4层/ [索取号:TB/M242] | 在馆 | |
| 2 | 1584419 | 215844193 | 自科库501/501自科库 1排2列4层/ [索取号:TB/M242] | 在馆 |